| 000 | 00978njm a22002897a 4500 | ||
|---|---|---|---|
| 005 | 20100918120820.0 | ||
| 007 | sd ammalaaahaa | ||
| 008 | 100918t xxu||||| |||| 00| 0 hin d | ||
| 028 |
_a2392 545 _bMusic India |
||
| 035 | _aGR-04489 | ||
| 040 | _aSED/VEN | ||
| 100 | _920657 | ||
| 245 |
_aA treasure revealed : _h[sound recording] : _bmusical memories of Madan Mohan / |
||
| 260 |
_aDum Dum India _bMusic India _c1981 |
||
| 300 |
_a1 sound disc [Gramophone record] : _banalog, 331/3 rpm _c12 in (LP) _fGramophone Record |
||
| 500 | _aBrief Record | ||
| 500 | _aMusic India | ||
| 500 | _aOrange | ||
| 500 | _aLong Play | ||
| 505 | _aKhile kamal si kaya part 1 (Lata Mangeshkar) Mere Ashoon ka gham part 2 (Lata Mangeshkar) | ||
| 650 |
_vFilmi Song _xExcerpts _zIndia _920658 _aClassical Music |
||
| 700 | _920659 | ||
| 700 | _920660 | ||
| 700 | _920674 | ||
| 942 |
_2ddc _cGR |
||
| 999 |
_c47124 _d47124 |
||